Antennas (Record no. 331766)

MARC details
000 -LEADER
fixed length control field 00514nam a2200181Ia 4500
008 - FIXED-LENGTH DATA ELEMENTS--GENERAL INFORMATION
fixed length control field 230718s9999 xx 000 0 und d
020 ## - INTERNATIONAL STANDARD BOOK NUMBER
International Standard Book Number 9789380381268
041 ## - LANGUAGE CODE
Language code of text/sound track or separate title eng
082 ## - DEWEY DECIMAL CLASSIFICATION NUMBER
Classification number 621.382'4
Item number BLA
100 ## - MAIN ENTRY--PERSONAL NAME
Personal name Blake L.V.
9 (RLIN) 171179
245 ## - TITLE STATEMENT
Title Antennas
Remainder of title Fundamentals, Design, Measurement
250 ## - EDITION STATEMENT
Edition statement 3rd ed.
260 ## - PUBLICATION, DISTRIBUTION, ETC. (IMPRINT)
Date of publication, distribution, etc. 2012
Name of publisher, distributor, etc. Yes Dee Publishing
300 ## - PHYSICAL DESCRIPTION
Extent 503
365 ## - TRADE PRICE
Currency code Rs.
Price amount 595.00
700 ## - ADDED ENTRY--PERSONAL NAME
Personal name Blake L.V. & Long M.W.
9 (RLIN) 190904
906 ## - LOCAL DATA ELEMENT F, LDF (RLIN)
d O:0320028-Jan-2013B:342216-Jan-2013
c ETC
b 2231.25
Holdings
Withdrawn status Lost status Damaged status Not for loan Home library Current library Date acquired Vendor Budget Code Cost, normal purchase price Bill number Total Checkouts Full call number Barcode Date last seen Discount Cost, replacement price Bill Date Koha item type Original Barcode
        Cummins College of Engineering for Women Pune Cummins College of Engineering for Women Pune 28/01/2013 Om Book Stall ETC 446.25 3422   621.382'4 CCEP-BK-42973 18/07/2023 2231.25 595.00 16/01/2013 Books 042973